Place des bacteries dans les obstructions tubaires à Cotonou (Record no. 48269)

MARC details
000 -LEADER
fixed length control field 00576nam a22001937a 4500
003 - CONTROL NUMBER IDENTIFIER
control field 0
005 - DATE AND TIME OF LATEST TRANSACTION
control field 20160609170059.0
008 - FIXED-LENGTH DATA ELEMENTS--GENERAL INFORMATION
fixed length control field 101119t xxu||||| |||| 00| 0 eng d
040 ## - SOURCE DU CATALOGAGE
Original cataloging agency BUAC
Transcribing agency BEPAC
100 ## - VEDETTE PRINCIPALE - NOM DE PERSONNE
Personal name Chanou, Raïmiatou E.I.
9 (RLIN) 11175
130 ## - VEDETTE PRINCIPALE - TITRE UNIFORME
Language of a work fr
9 (RLIN) 11176
245 ## - TITLE STATEMENT
Title Place des bacteries dans les obstructions tubaires à Cotonou
260 ## - PUBLICATION, DISTRIBUTION, ETC. (IMPRINT)
Place of publication, distribution, etc EPAC-UAC
Name of publisher, distributor, etc EPAC-UAC
Date of publication, distribution, etc 2006-2007
300 ## - PHYSICAL DESCRIPTION
Extent XVIII-92p.
650 ## - SUBJECT ADDED ENTRY--TOPICAL TERM
Topical term or geographic name as entry element BACTERIE
Topical term following geographic name as entry element OBSTRUCTION TUBAIRE
9 (RLIN) 11177
700 ## - ADDED ENTRY--PERSONAL NAME
Personal name Gnimassou , Adéline L. M.
9 (RLIN) 11178
700 ## - ADDED ENTRY--PERSONAL NAME
Personal name Hounsinou, Albert C. S.
9 (RLIN) 11179
942 ## - ADDED ENTRY ELEMENTS (KOHA)
Koha item type Thèse et Memoire
Holdings
Withdrawn status Lost status Damaged status Not for loan Location (home branch) Sublocation or collection (holding branch) Date acquired Source of acquisition Koha issues (times borrowed) Koha full call number Piece designation (barcode) Koha date last seen Copy number Price effective from Koha item type
        Bibliothèque Ecole Polytechnique d'Abomey-Calavi Bibliothèque Ecole Polytechnique d'Abomey-Calavi 19/11/2010 Dépot légal   26/ABM/CHA M16122EPAC 19/11/2010 1 19/11/2010 Thèse et Memoire
        Bibliothèque Ecole Polytechnique d'Abomey-Calavi Bibliothèque Ecole Polytechnique d'Abomey-Calavi 19/11/2010 Dépot légal   26/ABM/CHA M16123EPAC 19/11/2010 2 19/11/2010 Thèse et Memoire
        Bibliothèque Ecole Polytechnique d'Abomey-Calavi Bibliothèque Ecole Polytechnique d'Abomey-Calavi 19/11/2010 Dépot légal   26/ABM/CHA M16124EPAC 19/11/2010 3 19/11/2010 Thèse et Memoire


© 2008, Bibliothèques de l'Université d'Abomey-Calavi

04 BP 789 Cotonou, Tél. : +229 21 36 01 01, Fax : +229 21 35 06 32

Courriel : bu@bu.uac.bj